00473nam a2200181Ia 4500003000400000005001700004008004100021020002200062040000700084041001200091082001900103100002200122245006200144260003600206300001600242365001700258650001600275OSt20251013174813.0210423s2013 xx 000 0 und d a978-1-4462-4868-3 cAL aEnglish a361.323 bPENS aAdrian Pennington aStudent guide to counselling and psychotherapy approaches aLondonbSage Publicationsc2013 axii,157bPB b1954.91cGBP aSocial Work